| 000 | 00858nam a2200265 i 4500 | ||
|---|---|---|---|
| 003 | DO-SdBNP | ||
| 005 | 20230531160113.0 | ||
| 006 | a||||gr|||| 00| 0 | ||
| 007 | ta | ||
| 008 | 230531e2015 dr aoc|| |||| 00| 0dspa d | ||
| 020 | _a9789945410860 | ||
| 040 |
_aDO-SdBNP _bspa _cBNPHU _erda |
||
| 082 | 4 |
_222 _bC475d |
|
| 245 |
_aDestino inesperado. / _cMarcos Charles |
||
| 264 | 1 |
_aSanto Domingo : _bLetragráfica, _c2015 |
|
| 300 |
_a255 páginas : _bIlustraciones, fotografía, retratos ; _c22 cm. |
||
| 336 |
_2rdaconten _atexto _btxt |
||
| 337 |
_2rdamedia _asin medició _bnc |
||
| 338 |
_2rdacarrier _avolumen _bnc |
||
| 490 | _aVintage Books | ||
| 500 | _aIncluye datos biográficos del autor en las solapas de las cubiertas. | ||
| 500 | _aIncluye bibliografía y notas al pie de páginas. | ||
| 590 | _aInventariado 2023 / MF | ||
| 942 |
_2ddc _cLBS1 |
||
| 999 |
_c53671 _d53671 |
||